000
00254 a2200097 4500
001
39987
100
_a
Grolier Incorporated
245
_a
Academic American Encyclopaedia (Vol-15)
260
_a
Connectiout
_b
Grolier Incorporated
_c
090
_c
24975
_d
24975
942
_a
NUST-CAE
_c
M
_c
16641
999
_c
275060
_d
275060